[Event "US Open Quad #1"]
[Site "Somerset, N.J."]
[Date "1986.08.03"]
[Round "1"]
[White "Gross, Dan"]
[Black "Moody, David"]
[Result "0-1"]
[WhiteElo "2135"]
[BlackElo "1958"]
[PlyCount "120"]
[EventDate "1986.08.03"]

1. e4 e5 2. Nf3 Nc6 3. Bb5 a6 4. Bxc6 dxc6 5. O-O Qd6 6. d4 exd4 7. Qxd4 Qxd4
8. Nxd4 Bd6 9. Nd2 Ne7 10. Nc4 Bd7 11. Nb3 Be6 12. Nxd6+ cxd6 13. Bf4 Bxb3 14.
axb3 O-O-O 15. Rad1 d5 16. e5 Ng6 17. Bg3 Rhe8 18. f4 c5 19. Kf2 Ne7 20. Kf3
Nf5 21. Bf2 d4 22. g4 Ne7 23. b4 b6 24. bxc5 bxc5 25. Rd2 Nc6 26. Rfd1 g5 27.
c3 dxc3 28. Rxd8+ Rxd8 29. Rxd8+ Kxd8 30. bxc3 c4 31. Ke4 gxf4 32. Kxf4 a5 33.
Ke4 a4 34. Bc5 Na5 35. Ke3 Kd7 36. g5 Ke6 37. Bd6 Nc6 38. Ke4 Nxe5 39. Ba3 Nc6
40. Bb2 Kd6 41. Ba3+ Ke6 42. Bb2 Na5 43. Kd4 Kf5 44. Kc5 Kxg5 45. Kb4 Nb3 46.
Kxa4 f5 47. Kb4 f4 48. Kxc4 f3 49. Kd3 Kg4 50. Ke3 Nc5 51. c4 Ne4 52. h3+ Kg3
53. Be5+ Kg2 54. Bd4 f2 55. Kxe4 f1=Q 56. c5 Qf3+ 57. Ke5 Qc6 58. h4 Kf3 59. h5
Qe4+ 60. Kd6 Qxd4+ 0-1

[Event "U.S. Open"]
[Site "Somerset, N.J."]
[Date "1986.08.03"]
[Round "1"]
[White "Christiansen, Larry"]
[Black "Moody, David"]
[Result "1-0"]
[WhiteElo "2657"]
[BlackElo "1958"]
[PlyCount "37"]
[EventDate "1986.08.03"]

1. c4 e5 2. Nc3 Nc6 3. g3 f5 4. Bg2 Nf6 5. e3 d6 6. Nge2 Be7 7. O-O O-O 8. d3
Be6 9. Nd5 Bxd5 10. cxd5 Nb4 11. Qb3 Na6 12. Qxb7 Nc5 13. Qb5 Rb8 14. Qc4 a5
15. d4 Rb4 16. Qc2 Nce4 17. f3 Ng5 18. Bd2 Rb5 19. a4 1-0

[Event "US Open Quad #2"]
[Site "Somerset, N.J."]
[Date "1986.08.04"]
[Round "2"]
[White "Moody, David"]
[Black "Snover, Mike"]
[Result "0-1"]
[WhiteElo "1958"]
[BlackElo "2057"]
[PlyCount "42"]
[EventDate "1986.08.04"]

1. e4 Nf6 2. e5 Nd5 3. c4 Nb6 4. d4 d6 5. f4 dxe5 6. fxe5 Nc6 7. Be3 Bf5 8. Nc3
e6 9. Nf3 Be7 10. d5 exd5 11. cxd5 Nb4 12. Nd4 Bd7 13. e6 fxe6 14. dxe6 Bc6 15.
a3 N4d5 16. Bd3 Bh4+ 17. g3 Qf6 18. Ne4 Qe5 19. Nf5 Nxe3 20. Qe2 Nxf5 21. gxh4
O-O-O 0-1

[Event "U.S. Open"]
[Site "Somerset, N.J."]
[Date "1986.08.04"]
[Round "2"]
[White "Moody, David"]
[Black "Levine, Brian"]
[Result "1-0"]
[WhiteElo "1958"]
[BlackElo "1663"]
[PlyCount "53"]
[EventDate "1986.08.03"]

1. e4 c5 2. Nf3 d6 3. d4 cxd4 4. Nxd4 Nf6 5. Nc3 e6 6. g4 a6 7. g5 Nfd7 8. Bc4
Qc7 9. Bb3 Nc5 10. Be3 g6 11. f4 Bg7 12. Qf3 Nc6 13. O-O-O b5 14. f5 Nxb3+ 15.
axb3 Ne5 16. Qf4 b4 17. Na4 exf5 18. exf5 Bb7 19. Rhe1 O-O-O 20. f6 Bf8 21. Ne6
fxe6 22. Bb6 Qd7 23. Bxd8 Nf3 24. Nb6+ Kxd8 25. Nxd7 Nxe1 26. Nxf8 Rxf8 27.
Qxd6+ 1-0

[Event "US Open Quad #2"]
[Site "Somerset, N.J."]
[Date "1986.08.04"]
[Round "2"]
[White "Marx, Ernest"]
[Black "Moody, David"]
[Result "0-1"]
[WhiteElo "1894"]
[BlackElo "1958"]
[PlyCount "38"]
[EventDate "1986.08.04"]

1. e4 e5 2. Nf3 Nc6 3. Bc4 Nf6 4. Nc3 Nxe4 5. Bxf7+ Kxf7 6. Nxe4 d5 7. Neg5+
Kg8 8. c3 h6 9. Nh3 Bxh3 10. gxh3 e4 11. Ng1 Ne5 12. Kf1 Nd3 13. b4 Qh4 14. Qe2
Bc5 15. bxc5 Rf8 16. f3 Rxf3+ 17. Nxf3 Qxh3+ 18. Kg1 exf3 19. Qf1 Qg4+ 0-1

[Event "US Open Quad #2"]
[Site "Somerset, N.J."]
[Date "1986.08.04"]
[Round "2"]
[White "Groszek, Michael"]
[Black "Moody, David"]
[Result "0-1"]
[WhiteElo "2051"]
[BlackElo "1958"]
[PlyCount "52"]
[EventDate "1986.08.04"]

1. d4 Nf6 2. c4 c5 3. d5 d6 4. Nc3 g6 5. e4 Bg7 6. Be2 O-O 7. Bg5 h6 8. Bf4 e6
9. Nf3 exd5 10. exd5 Re8 11. O-O Bf5 12. Qd2 Kh7 13. Bd3 Ne4 14. Nxe4 Bxe4 15.
Rae1 f5 16. Bxe4 fxe4 17. Qe2 Na6 18. Nd2 Bxb2 19. Rb1 Qf6 20. Bg3 Nb4 21. Nxe4
Qd4 22. Qxb2 Qxe4 23. a3 Nc2 24. Qxb7+ Kg8 25. Rb3 Qxc4 26. Rf3 Qxf1+ 0-1

[Event "US Open Quad #3"]
[Site "Somerset, N.J."]
[Date "1986.08.05"]
[Round "2"]
[White "Shellenberger, Richard"]
[Black "Moody, David"]
[Result "1/2-1/2"]
[WhiteElo "1810"]
[BlackElo "1958"]
[PlyCount "90"]
[EventDate "1986.08.05"]

1. d4 Nf6 2. c4 c5 3. d5 d6 4. Nc3 g6 5. e4 Bg7 6. Bd3 O-O 7. Bf4 Nh5 8. Be3 e6
9. Qd2 exd5 10. Nxd5 Nf6 11. Ne2 Nxd5 12. cxd5 a6 13. a4 Nd7 14. f4 Re8 15. O-O
Nf6 16. Nc3 Ng4 17. Kh1 Nxe3 18. Qxe3 Qb6 19. Rab1 Qb4 20. Bc2 f5 21. Qf3 b5
22. exf5 Bxf5 23. Bxf5 gxf5 24. axb5 axb5 25. Qd3 c4 26. Qxf5 Bxc3 27. bxc3
Qxc3 28. Rxb5 Ra1 29. Rbb1 Rxb1 30. Qxb1 Qd3 31. Qd1 Re2 32. h3 Qe4 33. Rg1 c3
34. Qb1 Qxd5 35. Qb8+ Kf7 36. Qc7+ Kg6 37. Qxc3 Kf5 38. Qg3 Qe4 39. Qg4+ Kf6
40. Qg5+ Ke6 41. Qg8+ Kd7 42. Qf7+ Kd8 43. f5 Rxg2 44. Rxg2 Qe1+ 45. Kh2 Qe5+
1/2-1/2

[Event "US Open Quad #3"]
[Site "Somerset, N.J."]
[Date "1986.08.05"]
[Round "1"]
[White "Moody, David"]
[Black "Herx, Stephen"]
[Result "1-0"]
[WhiteElo "1958"]
[BlackElo "1828"]
[PlyCount "53"]
[EventDate "1986.08.05"]

1. e4 e5 2. Nf3 Nc6 3. d4 exd4 4. Bc4 Nf6 5. O-O Be7 6. e5 Ne4 7. Bd5 Nc5 8.
Nxd4 O-O 9. f4 Nxd4 10. Qxd4 Ne6 11. Qd3 c6 12. Be4 h6 13. Be3 d5 14. Bf5 Nc5
15. Bxc5 Bxc5+ 16. Kh1 Bxf5 17. Qxf5 Qb6 18. Nd2 Qxb2 19. Rab1 Qc3 20. Nf3 Bb6
21. Rb3 Qc5 22. Nh4 Qe7 23. Qh5 Kh7 24. Nf5 Qe8 25. Rg3 Rg8 26. Rxg7+ Rxg7 27.
Qxh6+ 1-0

[Event "US Open Quad #3"]
[Site "Somerset, N.J."]
[Date "1986.08.05"]
[Round "3"]
[White "Moody, David"]
[Black "Amper, Rudolfo"]
[Result "1-0"]
[WhiteElo "1958"]
[BlackElo "1964"]
[PlyCount "71"]
[EventDate "1986.08.05"]

1. e4 d5 2. exd5 Qxd5 3. Nc3 Qa5 4. d4 Nc6 5. Nf3 Bf5 6. Bc4 e6 7. Bd2 Nb4 8.
Rc1 c6 9. a3 Na6 10. Nd5 Qd8 11. Bxa6 bxa6 12. Nb4 Qc8 13. c4 c5 14. Qa4+ Qd7
15. Qxd7+ Kxd7 16. Nxa6 f6 17. Nxc5+ Bxc5 18. dxc5 Ne7 19. O-O Nc6 20. Be3 Kc7
21. b4 Rhd8 22. b5 Na5 23. Bd2 Nb3 24. Rcd1 Bc2 25. Bf4+ e5 26. Rxd8 Rxd8 27.
Be3 e4 28. Ne1 Bd1 29. f3 exf3 30. Nxf3 Be2 31. Re1 Bxc4 32. Bf4+ Kc8 33. b6
axb6 34. cxb6 Bf7 35. Re7 Rd7 36. Rxd7 1-0

[Event "U.S. Open"]
[Site "Somerset, N.J."]
[Date "1986.08.05"]
[Round "3"]
[White "Frias, Victor"]
[Black "Moody, David"]
[Result "1-0"]
[WhiteElo "2570"]
[BlackElo "1958"]
[PlyCount "53"]
[EventDate "1986.08.03"]

1. e4 e5 2. Nf3 Nc6 3. Bb5 a6 4. Ba4 Nf6 5. O-O Be7 6. Re1 b5 7. Bb3 O-O 8. d3
d6 9. c3 Na5 10. Bc2 c5 11. Nbd2 Qc7 12. Nf1 Bd7 13. h3 Rfc8 14. g4 Rab8 15.
Bg5 Nc6 16. Ne3 h6 17. Bh4 g5 18. Bg3 b4 19. d4 bxc3 20. bxc3 cxd4 21. cxd4 Nb4
22. dxe5 Nxc2 23. exd6 Qc3 24. Nxc2 Ba4 25. dxe7 Bxc2 26. Qd4 Bxe4 27. Qxc3 1-0

[Event "US Open Quad #4"]
[Site "Somerset, N.J."]
[Date "1986.08.06"]
[Round "2"]
[White "Smith, Les LeRoy"]
[Black "Moody, David"]
[Result "1-0"]
[WhiteElo "1892"]
[BlackElo "1958"]
[PlyCount "49"]
[EventDate "1986.08.06"]

1. f4 e5 2. fxe5 d6 3. exd6 Bxd6 4. Nf3 g5 5. g3 g4 6. Nh4 Ne7 7. d3 Ng6 8. Ng2
h5 9. Nf4 Nxf4 10. Bxf4 Bxf4 11. gxf4 Qh4+ 12. Kd2 g3 13. e3 Rg8 14. Qf3 gxh2
15. Nc3 Nc6 16. Nd5 Bg4 17. Qg2 Be6 18. Qxg8+ Kd7 19. Qg2 Rg8 20. Qxh2 Qxh2+
21. Rxh2 Bxd5 22. e4 Nd4 23. Rxh5 Bc6 24. c3 Ne6 25. Bh3 1-0

[Event "US Open Quad #4"]
[Site "Somerset, N.J."]
[Date "1986.08.06"]
[Round "1"]
[White "Moody, David"]
[Black "Jackson, James"]
[Result "1-0"]
[WhiteElo "1958"]
[BlackElo "1903"]
[PlyCount "67"]
[EventDate "1986.08.06"]

1. Nf3 d5 2. c4 e6 3. b3 Nf6 4. Bb2 Be7 5. g3 c6 6. Bg2 O-O 7. d3 Nbd7 8. Nbd2
Ne8 9. e4 Bf6 10. e5 Be7 11. O-O Nc5 12. Ne1 dxc4 13. dxc4 Nd3 14. Nxd3 Qxd3
15. Be4 Qd8 16. Qc2 g6 17. Rad1 Qc7 18. Nf3 Ng7 19. g4 Bd7 20. Qd2 Rfd8 21. Qh6
c5 22. Rxd7 Qxd7 23. h4 Rab8 24. Kg2 Ne8 25. Ng5 Bxg5 26. hxg5 f5 27. exf6 Qf7
28. Re1 Rd6 29. Bd5 Nc7 30. Be5 Rd7 31. Bxc7 Re8 32. Bd8 Rdxd8 33. Rxe6 Rxe6
34. Bxe6 1-0

[Event "U.S. Open"]
[Site "Somerset, N.J."]
[Date "1986.08.06"]
[Round "4"]
[White "Moody, David"]
[Black "Conway, Edward"]
[Result "1-0"]
[WhiteElo "1958"]
[BlackElo "1736"]
[PlyCount "23"]
[EventDate "1986.08.03"]

1. e4 e5 2. Nf3 d5 3. Nxe5 dxe4 4. d4 Nf6 5. Bc4 Nd5 6. Nxf7 Kxf7 7. Qh5+ Ke6
8. Qe5+ Kf7 9. Bxd5+ Kg6 10. Bxe4+ Kf7 11. Bd5+ Kg6 12. Qg3+ 1-0

[Event "US Open Quad #4"]
[Site "Somerset, N.J."]
[Date "1986.08.06"]
[Round "3"]
[White "Moody, David"]
[Black "Amper, Rudolfo"]
[Result "1-0"]
[WhiteElo "1958"]
[BlackElo "1964"]
[PlyCount "74"]
[EventDate "1986.08.06"]

1. e4 c6 2. d4 d5 3. exd5 cxd5 4. c4 e6 5. Nc3 Nf6 6. Bf4 Bb4 7. Bxb8 Rxb8 8.
Qa4+ Bd7 9. Qxb4 a5 10. Qd6 dxc4 11. Bxc4 b5 12. Bd3 Rb6 13. Qg3 Bc6 14. Nf3 b4
15. Ne2 h5 16. Rc1 h4 17. Qe5 Rh5 18. Qe3 Ng4 19. Qd2 Qf6 20. Nf4 Rf5 21. Bxf5
Qxf5 22. h3 Qe4+ 23. Ne2 Nf6 24. Qe3 Qd5 25. b3 a4 26. Qe5 axb3 27. axb3 Qxb3
28. O-O Rb5 29. Qd6 Bd7 30. Ra1 Qd5 31. Qxd5 Nxd5 32. Ne5 b3 33. Nxd7 Kxd7 34.
Rfb1 Rb6 35. Ra3 f6 36. Raxb3 Ra6 37. Rb7+ Kd6 1-0

[Event "US Open Quad #5"]
[Site "Somerset, N.J."]
[Date "1986.08.07"]
[Round "2"]
[White "Wheatley, Daniel"]
[Black "Moody, David"]
[Result "0-1"]
[WhiteElo "1904"]
[BlackElo "1958"]
[PlyCount "40"]
[EventDate "1986.08.07"]

1. c4 e5 2. Nc3 Nc6 3. Nf3 f5 4. d4 e4 5. Ng5 Bb4 6. a3 Bxc3+ 7. bxc3 Nf6 8. f3
O-O 9. Nh3 d5 10. cxd5 Nxd5 11. Nf4 Kh8 12. Nxd5 Qxd5 13. e3 Na5 14. Rb1 Bd7
15. Qc2 exf3 16. gxf3 Qxf3 17. Bg2 Qg4 18. Qf2 f4 19. e4 f3 20. Bf1 Qxe4+ 0-1

[Event "US Open Quad #5"]
[Site "Somerset, N.J."]
[Date "1986.08.07"]
[Round "3"]
[White "Moody, David"]
[Black "Wolf, Kai"]
[Result "1-0"]
[WhiteElo "1958"]
[BlackElo "1965"]
[PlyCount "83"]
[EventDate "1986.08.07"]

1. e4 e6 2. d4 d5 3. Nc3 Bb4 4. a3 Bxc3+ 5. bxc3 dxe4 6. Qg4 Nf6 7. Qxg7 Rg8 8.
Qh6 Rg6 9. Qh4 Qd5 10. Be2 Nc6 11. Nh3 e5 12. Bg5 Bxh3 13. gxh3 e3 14. Rf1
exf2+ 15. Rxf2 Ng8 16. Bh5 Rg7 17. O-O-O e4 18. Rxf7 Qxg5+ 19. Qxg5 Rxg5 20.
Rg7+ Rxh5 21. Rxg8+ Kd7 22. Rxa8 Rxh3 23. Re1 Rxh2 24. Rxe4 a6 25. Rg8 Rh6 26.
Rg5 b6 27. Rd5+ Kc8 28. Re8+ Kb7 29. Rh8 Rh3 30. Kb2 Na5 31. Rd7 b5 32. Rhxh7
Nc4+ 33. Kb3 Nd2+ 34. Kb2 Nc4+ 35. Kb3 Nd2+ 36. Kb4 a5+ 37. Kxa5 Rxc3 38. Kxb5
Rxc2 39. d5 Rb2+ 40. Ka4 Rc2 41. d6 Rc4+ 42. Kb5 1-0

[Event "US Open Quad #5"]
[Site "Somerset, N.J."]
[Date "1986.08.07"]
[Round "1"]
[White "Moody, David"]
[Black "Pincus, Alan"]
[Result "1-0"]
[WhiteElo "1958"]
[BlackElo "1943"]
[PlyCount "55"]
[EventDate "1986.08.07"]

1. e4 e6 2. d4 d5 3. Nc3 Nf6 4. Bg5 Bb4 5. e5 h6 6. Be3 Ne4 7. a3 Nxc3 8. Qd3
Nd1+ 9. axb4 Nxe3 10. Qxe3 Qe7 11. c3 b6 12. Bd3 a5 13. Ne2 O-O 14. O-O Ba6 15.
bxa5 Bxd3 16. Qxd3 bxa5 17. Qb5 Qd7 18. Rxa5 Rxa5 19. Qxa5 Nc6 20. Qa4 Rb8 21.
b4 f6 22. f4 fxe5 23. fxe5 Nxe5 24. Qa7 Nc6 25. Qc5 Ne7 26. Nf4 Nf5 27. Ra1 Rb5
28. Ra8+ 1-0

[Event "U.S. Open"]
[Site "Somerset, N.J."]
[Date "1986.08.07"]
[Round "5"]
[White "Matos, Irene"]
[Black "Moody, David"]
[Result "0-1"]
[WhiteElo "1555"]
[BlackElo "1958"]
[PlyCount "88"]
[EventDate "1986.08.03"]

1. d4 Nf6 2. Nf3 e6 3. e3 d5 4. Bd3 c5 5. c3 Nbd7 6. O-O Bd6 7. Ng5 h6 8. Nh3
e5 9. Bb5 O-O 10. dxe5 Nxe5 11. f4 Neg4 12. Qf3 Bf5 13. Nf2 a6 14. Ba4 b5 15.
Bd1 Nxf2 16. Qxf2 Re8 17. Na3 Qd7 18. Nc2 Bd3 19. Re1 Qf5 20. g3 a5 21. a3 a4
22. Rb1 Re7 23. b3 Ne4 24. Qf3 Nxc3 25. g4 Qe4 26. Qxe4 Rxe4 27. Rb2 axb3 28.
Rxb3 d4 29. Bf3 Bxc2 30. Bxe4 Bxe4 31. exd4 cxd4 32. Bd2 Bd5 33. Rb2 Bxa3 34.
Rc2 Bb3 35. Bxc3 Bxc2 36. Bxd4 Rd8 37. Bf2 Rd1 38. Rxd1 Bxd1 39. Kf1 Bxg4 40.
Ke1 Bb4+ 41. Kf1 Bc3 42. Be1 Bxe1 43. Kxe1 Kh7 44. Kd2 Kg6 0-1

[Event "US Open Quad #6"]
[Site "Somerset, N.J."]
[Date "1986.08.08"]
[Round "2"]
[White "Moody, David"]
[Black "Nash, John"]
[Result "0-1"]
[WhiteElo "1958"]
[BlackElo "2174"]
[PlyCount "52"]
[EventDate "1986.08.08"]

1. e4 e5 2. Nf3 Nf6 3. Nxe5 d6 4. Nf3 Nxe4 5. d4 d5 6. Bd3 Bd6 7. c4 Bb4+ 8.
Nbd2 Nxd2 9. Bxd2 Qe7+ 10. Ne5 Bxd2+ 11. Kxd2 dxc4 12. Qa4+ c6 13. Qxc4 Be6 14.
Qc5 Qxc5 15. dxc5 Nd7 16. Nxd7 Bxd7 17. Rhe1+ Be6 18. Bf5 O-O-O+ 19. Bd3 Bf5
20. Re3 Rd5 21. Rc1 Rhd8 22. Rc3 a5 23. Ke2 Bxd3+ 24. Rcxd3 Rxc5 25. Rb3 Rc2+
26. Kf3 Rdd2 0-1

[Event "US Open Quad #6"]
[Site "Somerset, N.J."]
[Date "1986.08.08"]
[Round "3"]
[White "Moody, David"]
[Black "Gronenthal, Bruce"]
[Result "0-1"]
[WhiteElo "1958"]
[BlackElo "2151"]
[PlyCount "67"]
[EventDate "1986.08.08"]

1. e4 e6 2. d4 d5 3. Nc3 Bb4 4. e5 c5 5. a3 Bxc3+ 6. bxc3 Ne7 7. Nf3 Qa5 8. Bd2
Qa4 9. Qb1 c4 10. Be2 O-O 11. O-O Nd7 12. Qb4 Qxb4 13. cxb4 f6 14. b5 fxe5 15.
Bb4 Re8 16. Bxe7 Rxe7 17. Nxe5 Nxe5 18. dxe5 Bd7 19. Rab1 Rf8 20. f4 Ref7 21.
g3 g6 22. a4 Rc8 23. c3 Rc5 24. Kf2 Kf8 25. Ke3 Ke7 26. Kd4 Rc8 27. h4 b6 28.
Rf2 Ra8 29. Bd1 Rff8 30. Ra2 a6 31. bxa6 Rxa6 32. a5 Rfa8 33. Rxb6 Rxb6 34.
axb6 0-1

[Event "U.S. Open"]
[Site "Somerset, N.J."]
[Date "1986.08.08"]
[Round "6"]
[White "Moody, David"]
[Black "Bowyer, Bruce"]
[Result "0-1"]
[WhiteElo "1958"]
[BlackElo "2190"]
[PlyCount "46"]
[EventDate "1986.08.03"]

1. e4 e5 2. Nf3 Nc6 3. Bb5 f5 4. d4 fxe4 5. Nxe5 Nxe5 6. dxe5 c6 7. Bc4 Qa5+ 8.
Nc3 Qxe5 9. O-O d5 10. Re1 Nf6 11. Be2 Bc5 12. Na4 Bxf2+ 13. Kxf2 Qxh2 14. Rh1
e3+ 15. Kxe3 Qg3+ 16. Bf3 O-O 17. Qd4 Re8+ 18. Kd3 Bf5+ 19. Kc3 Re4 20. Qd2
Rxa4 21. Qg5 Rc4+ 22. Kb3 Bxc2+ 23. Ka3 Ra4# 0-1

[Event "US Open Quad #6"]
[Site "Somerset, N.J."]
[Date "1986.08.08"]
[Round "1"]
[White "Marchand, Erich"]
[Black "Moody, David"]
[Result "1-0"]
[WhiteElo "2239"]
[BlackElo "1958"]
[PlyCount "32"]
[EventDate "1986.08.08"]

1. d4 Nf6 2. c4 c5 3. d5 d6 4. Nc3 g6 5. g3 Bg7 6. Bg2 O-O 7. e4 e6 8. dxe6
fxe6 9. Bf4 d5 10. cxd5 exd5 11. e5 Nh5 12. Qxd5+ Qxd5 13. Bxd5+ Kh8 14. Be3
Bxe5 15. Bxc5 Re8 16. O-O-O Bf5 1-0

[Event "U.S. Open"]
[Site "Somerset, N.J."]
[Date "1986.08.10"]
[Round "7"]
[White "Nute, Gary"]
[Black "Moody, David"]
[Result "1-0"]
[WhiteElo "2164"]
[BlackElo "1958"]
[PlyCount "25"]
[EventDate "1986.08.03"]

1. Nf3 Nf6 2. c4 e6 3. Nc3 Bb4 4. g3 O-O 5. Bg2 d6 6. Qb3 c5 7. O-O Nc6 8. d3
Qa5 9. Bg5 Bxc3 10. Qxc3 Qxc3 11. bxc3 e5 12. Nd2 Ne8 13. Bxc6 1-0

[Event "US Open Quad #9"]
[Site "Somerset, N.J."]
[Date "1986.08.11"]
[Round "3"]
[White "Moody, David"]
[Black "Kerninghan, Mark"]
[Result "0-1"]
[WhiteElo "1958"]
[BlackElo "1866"]
[PlyCount "126"]
[EventDate "1986.08.11"]

1. e4 c5 2. Nf3 Nc6 3. d4 cxd4 4. Nxd4 e5 5. Nb5 Nf6 6. N1c3 a6 7. Nd6+ Bxd6 8.
Qxd6 Qe7 9. Qd1 h6 10. Bc4 d6 11. O-O Bg4 12. f3 Be6 13. Nd5 Bxd5 14. Bxd5 Nxd5
15. Qxd5 O-O 16. Be3 Rac8 17. c3 Rfd8 18. Bb6 Rd7 19. Rad1 Qg5 20. Rd3 Re8 21.
Rfd1 Re6 22. Qb3 Rg6 23. Qc2 h5 24. Qd2 Qf6 25. Bc5 h4 26. h3 Rg3 27. Bf2 Rg6
28. Kh1 Nb8 29. c4 Nc6 30. c5 Ne7 31. Rxd6 Rxd6 32. cxd6 Nc6 33. d7 Nd8 34. Bc5
Kh7 35. Bd6 Rg3 36. Kh2 Ne6 37. Bb4 Nd4 38. Rf1 b6 39. Bc3 Qd6 40. Bxd4 exd4
41. Rd1 Qxd7 42. Qxd4 Qc7 43. e5 g5 44. Qd7 Qxe5 45. Qxf7+ Kh6 46. Qf8+ Kh5 47.
f4 Rxg2+ 48. Kh1 Rh2+ 49. Kxh2 Qe2+ 50. Kg1 Qxd1+ 51. Kf2 Qd2+ 52. Kf3 Qd3+ 53.
Kf2 Qg3+ 54. Ke2 Qh2+ 55. Ke3 gxf4+ 56. Qxf4 Qxh3+ 57. Ke4 Qg2+ 58. Ke3 Qg3+
59. Qxg3 hxg3 60. Kf3 Kh4 61. Kg2 Kg4 62. b4 Kf4 63. a4 b5 0-1

[Event "US Open Quad #9"]
[Site "Somerset, N.J."]
[Date "1986.08.11"]
[Round "1"]
[White "Moody, David"]
[Black "Gutierrez, Michael"]
[Result "0-1"]
[WhiteElo "1958"]
[BlackElo "1801"]
[PlyCount "48"]
[EventDate "1986.08.11"]

1. e4 c6 2. d4 d5 3. Nc3 dxe4 4. Nxe4 Bf5 5. Ng3 Bg6 6. h4 h6 7. Nf3 Nd7 8. h5
Bh7 9. Bd3 Bxd3 10. Qxd3 e6 11. Bd2 Ngf6 12. O-O-O Bd6 13. Ne4 Nxe4 14. Qxe4
Qc7 15. Rhe1 O-O-O 16. Ne5 Bxe5 17. dxe5 Nc5 18. Qc4 Rd5 19. f4 Rhd8 20. Be3 b5
21. Qe2 Qa5 22. Kb1 Qb4 23. Rxd5 Rxd5 24. Rd1 Na4 0-1

[Event "U.S. Open"]
[Site "Somerset, N.J."]
[Date "1986.08.11"]
[Round "8"]
[White "Moody, David"]
[Black "Denis, Lee"]
[Result "1/2-1/2"]
[WhiteElo "1958"]
[BlackElo "1757"]
[PlyCount "121"]
[EventDate "1986.08.03"]

1. e4 c5 2. Nf3 Nc6 3. d4 cxd4 4. Nxd4 g6 5. c4 Bg7 6. Be3 Nf6 7. Nc3 d6 8. Be2
O-O 9. O-O e6 10. Ndb5 Ne8 11. Qd2 a6 12. Na3 Nf6 13. Rad1 Qa5 14. Qxd6 Nd7 15.
Nab1 Be5 16. Qd2 Nc5 17. f4 Rd8 18. Qe1 Bf6 19. Qf2 Rxd1 20. Rxd1 Be7 21. g4
Na4 22. f5 Nxb2 23. fxg6 fxg6 24. Rf1 Ne5 25. Bb6 Qb4 26. Bd4 Nbxc4 27. Kh1 Bd7
28. Bxc4 Qxc4 29. Nd2 Qd3 30. Bxe5 Rf8 31. Qe2 Rxf1+ 32. Nxf1 Qxe2 33. Nxe2 Bb5
34. Nfg3 Bc4 35. a4 b6 36. Nc3 Ba3 37. Nge2 Kf7 38. Nd4 Bb2 39. Nf3 Bb3 40. Kg2
h5 41. gxh5 gxh5 42. Bd4 Bxc3 43. Ne5+ Ke7 44. Bxc3 Bxa4 45. Bb4+ Kf6 46. Nc4
b5 47. Bc3+ Kg5 48. Nd6 Kf4 49. e5 b4 50. Bxb4 Kxe5 51. Nc4+ Kd4 52. Nb6 Bc6+
53. Kg3 e5 54. Kh4 Bf3 55. Nd7 e4 56. Nc5 a5 57. Bxa5 Kxc5 58. Kg3 Bd1 59. Kf2
Kd4 60. Ke1 Bg4 61. Bc7 1/2-1/2

[Event "US Open Quad #9"]
[Site "Somerset, N.J."]
[Date "1986.08.11"]
[Round "2"]
[White "Foster, Ursula"]
[Black "Moody, David"]
[Result "0-1"]
[WhiteElo "1806"]
[BlackElo "1958"]
[PlyCount "52"]
[EventDate "1986.08.11"]

1. e4 e5 2. Nf3 Nc6 3. Bb5 a6 4. Ba4 Nf6 5. Nc3 b5 6. Bb3 Bc5 7. O-O d6 8. Ng5
O-O 9. d3 h6 10. Nxf7 Rxf7 11. Bxf7+ Kxf7 12. Be3 Bg4 13. Qd2 Nd4 14. Bxd4 Bxd4
15. Rab1 Kg8 16. Ne2 Bb6 17. c3 Qe8 18. Ng3 Qg6 19. Rbe1 h5 20. Kh1 h4 21. Ne2
h3 22. Ng3 hxg2+ 23. Kxg2 Nh5 24. f4 Nxf4+ 25. Rxf4 exf4 26. Qxf4 Rf8 0-1

[Event "U.S. Open"]
[Site "Somerset, N.J."]
[Date "1986.08.12"]
[Round "9"]
[White "Poschmann, Hans"]
[Black "Moody, David"]
[Result "0-1"]
[WhiteElo "1795"]
[BlackElo "1958"]
[PlyCount "46"]
[EventDate "1986.08.03"]

1. e4 e5 2. Nf3 Nc6 3. Bb5 a6 4. Ba4 Nf6 5. O-O Be7 6. Re1 b5 7. Bb3 O-O 8. c3
d5 9. exd5 Nxd5 10. Nxe5 Nxe5 11. Rxe5 c6 12. d4 Bd6 13. Re1 Qh4 14. g3 Qh3 15.
Bxd5 cxd5 16. Qf3 Bf5 17. Qg2 Qh5 18. Nd2 Rae8 19. Re3 Bh3 20. Qf3 Bg4 21. Qg2
Re6 22. Nf1 Bh3 23. Qf3 Qxf3 0-1

[Event "U.S. Open"]
[Site "Somerset, N.J."]
[Date "1986.08.13"]
[Round "10"]
[White "Moody, David"]
[Black "Forster, Andy"]
[Result "0-1"]
[WhiteElo "1958"]
[BlackElo "2124"]
[PlyCount "64"]
[EventDate "1986.08.03"]

1. e4 d5 2. exd5 Qxd5 3. Nc3 Qa5 4. d4 Nf6 5. Bc4 Bg4 6. f3 Bf5 7. Nge2 e6 8.
O-O c6 9. Bf4 Be7 10. Ng3 Bg6 11. Nge4 Qd8 12. Be5 O-O 13. Nxf6+ Bxf6 14. Bxf6
Qxf6 15. Ne4 Qe7 16. Qe2 Nd7 17. Rad1 Nb6 18. Rfe1 Rfd8 19. Ng3 Qb4 20. Bb3 c5
21. c3 Qa5 22. d5 c4 23. Bc2 Bxc2 24. Qxc2 Rxd5 25. a3 Rad8 26. Rxd5 Qxd5 27.
Ne4 Qd3 28. Qc1 Na4 29. Qg5 h6 30. Qb5 Nb6 31. Qa5 Ra8 32. Nc5 Qd5 0-1

[Event "US Open Quad #13"]
[Site "Somerset, N.J."]
[Date "1986.08.15"]
[Round "3"]
[White "Tong, William"]
[Black "Moody, David"]
[Result "1-0"]
[WhiteElo "1941"]
[BlackElo "1958"]
[PlyCount "75"]
[EventDate "1986.08.15"]

1. e4 e5 2. Nf3 Nc6 3. Bb5 a6 4. Ba4 Nf6 5. O-O Be7 6. Re1 b5 7. Bb3 O-O 8. c3
d5 9. exd5 Nxd5 10. Nxe5 Nxe5 11. Rxe5 c6 12. d4 Bd6 13. Re1 Qh4 14. g3 Qh3 15.
Be3 Bg4 16. Qd3 Rae8 17. Nd2 Re6 18. a4 f5 19. Qf1 Qh5 20. f4 bxa4 21. Rxa4 g5
22. Nc4 Rh6 23. Qf2 gxf4 24. Nxd6 fxe3 25. Rxe3 Rxd6 26. Rxa6 Rg6 27. Rxc6 Rd8
28. Bxd5+ Rxd5 29. Rc8+ Kf7 30. Ree8 Ra5 31. Qe1 Ra7 32. h4 Rga6 33. Rf8+ Kg6
34. Rg8+ Rg7 35. Rxg7+ Kxg7 36. Qe5+ Rf6 37. Rc7+ Kg6 38. Qe7 1-0

[Event "U.S. Open"]
[Site "Somerset, N.J."]
[Date "1986.08.15"]
[Round "12"]
[White "Tag, George"]
[Black "Moody, David"]
[Result "1/2-1/2"]
[WhiteElo "1717"]
[BlackElo "1958"]
[PlyCount "62"]
[EventDate "1986.08.03"]

1. e4 e5 2. Nf3 Nc6 3. d4 exd4 4. Bc4 Bc5 5. c3 d3 6. b4 Bb6 7. a4 a6 8. Qb3
Qe7 9. O-O Nf6 10. Bg5 O-O 11. Nbd2 d6 12. Rfe1 Ne5 13. Nxe5 dxe5 14. Be3 Bxe3
15. Rxe3 Be6 16. Bxe6 Qxe6 17. Qxe6 fxe6 18. Nf3 Rad8 19. Rd1 d2 20. Rxd2 Rxd2
21. Nxd2 Rd8 22. Nf1 Rd1 23. f3 Nd7 24. Kf2 Nb6 25. Ke2 Ra1 26. a5 Nc4 27. Rd3
Ra2+ 28. Nd2 b5 29. Ke1 Ra1+ 30. Ke2 Ra2 31. Ke1 Ra1+ 1/2-1/2

[Event "US Open Quad #13"]
[Site "Somerset, N.J."]
[Date "1986.08.15"]
[Round "1"]
[White "Moody, David"]
[Black "Leicht, Bob"]
[Result "1-0"]
[WhiteElo "1958"]
[BlackElo "1766"]
[PlyCount "101"]
[EventDate "1986.08.15"]

1. e4 e5 2. Nf3 Nc6 3. d4 exd4 4. Bc4 d6 5. Nxd4 Nxd4 6. Qxd4 Be6 7. Nc3 Bxc4
8. Qxc4 Qd7 9. Bf4 Qc6 10. Qe2 O-O-O 11. O-O-O Nf6 12. f3 h6 13. Rd2 g5 14. Be3
Rg8 15. Nb5 Qa6 16. Nxa7+ Kd7 17. Qb5+ Qxb5 18. Nxb5 Ne8 19. Rhd1 Ra8 20. a3
Rg6 21. g4 Ra5 22. Nd4 b5 23. Kb1 Rf6 24. Nf5 Ra8 25. h4 gxh4 26. Rh2 Re6 27.
Rxh4 Be7 28. Nxe7 Kxe7 29. Rxh6 Rxh6 30. Bxh6 Ke6 31. Rd5 c6 32. Rg5 Kf6 33.
Rg8 Ke7 34. Kc1 Ra4 35. Kd2 b4 36. axb4 Rxb4 37. Kc3 Ra4 38. Bg5+ Kd7 39. Rf8
f6 40. Bxf6 Nxf6 41. Rxf6 Ra5 42. Rf5 Ra8 43. g5 Rg8 44. Kd3 Rg6 45. Ke3 Ke7
46. Kf4 Kd7 47. Rf6 Rxf6+ 48. gxf6 Ke6 49. Kg5 Kf7 50. Kf5 c5 51. c4 1-0